[Event "Llinars del Valles op-B 7th"]
[Site "Llinars del Valles"]
[Date "2013.05.04"]
[Round "4"]
[White "Fernandez Gonzalez, Luis"]
[Black "Pujol Gaja, Joan"]
[Result "1-0"]
[WhiteElo "1664"]
[BlackElo "1711"]
[PlyCount "142"]
[EventDate "2013.04.13"]
[EventType "swiss"]
[EventRounds "7"]
[EventCountry "ESP"]
[SourceTitle "CBM 154 Extra"]
[Source "ChessBase"]
[SourceDate "2013.06.25"]
[SourceVersion "2"]
[SourceVersionDate "2013.06.25"]
[SourceQuality "1"]

1. d4 d5 2. c4 e6 3. Nc3 Nf6 4. Bg5 Be7 5. Nf3 0-0 6. e3 Nbd7 7. Bd3 dxc4 8. Bxc4 c6 9. a3 Qc7 10. 0-0 Re8 11. Rc1 Qd8 12. Ba2 Nd5 13. Bxe7 Qxe7 14. e4 Nxc3 15. Rxc3 Nf6 16. Qc2 g6 17. Rd1 a5 18. h4 Bd7 19. Ng5 h6 20. Nf3 b5 21. e5 Nd5 22. Rc5 b4 23. Qd2 Kg7 24. h5 g5 25. Qc2 Nf4 26. Bb1 Rh8 27. axb4 axb4 28. Qd2 b3 29. Be4 Rhc8 30. g3 Nd5 31. Qc1 Ra7 32. Qc4 Rb7 33. Qa6 Rb6 34. Qe2 Rb4 35. Qd3 Rcb8 36. Nd2 g4 37. f3 Qg5 38. f4 Qe7 39. Nc4 f5 40. exf6+ Nxf6 41. Ne5 Qd6 42. Bxc6 Kf8 43. Bxd7 Nxd7 44. Nxd7+ Qxd7 45. Qg6 R4b7 46. Qxh6+ Ke7 47. Qg5+ Kd6 48. Qe5+ Ke7 49. Qg7+ Ke8 50. Qxg4 Qf7 51. Qg6 Qxg6 52. hxg6 Rg7 53. Rg5 Rc8 54. d5 Rc2 55. dxe6 Rxb2 56. f5 Ke7 57. Rf1 Kf6 58. Rg4 Rc2 59. Re4 b2 60. e7 Rxe7 61. Rxe7 Kxe7 62. f6+ Kd7 63. f7 Rc1 64. f8Q b1Q 65. g7 Qb6+ 66. Qf2 Rxf1+ 67. Kxf1 Qb5+ 68. Kg2 Qb7+ 69. Kh2 Qd5 70. Qa7+ Kd6 71. Qa3+ Ke6 1-0

[Event "Llinars del Valles op-B 7th"]
[Site "Llinars del Valles"]
[Date "2013.04.20"]
[Round "2"]
[White "Fernandez Gonzalez, Luis"]
[Black "Garcia Palomeras, Moises"]
[Result "1-0"]
[WhiteElo "1664"]
[BlackElo "1506"]
[PlyCount "57"]
[EventDate "2013.04.13"]
[EventType "swiss"]
[EventRounds "7"]
[EventCountry "ESP"]
[SourceTitle "CBM 154 Extra"]
[Source "ChessBase"]
[SourceDate "2013.06.25"]
[SourceVersion "2"]
[SourceVersionDate "2013.06.25"]
[SourceQuality "1"]

1. d4 d5 2. c4 e6 3. Nc3 Nf6 4. Bg5 Nbd7 5. Nf3 Be7 6. e3 b6 7. cxd5 exd5 8. Bd3 Bb7 9. Rc1 h6 10. Bf4 g5 11. Bg3 a6 12. 0-0 Rc8 13. Qe2 Ne4 14. Bxa6 Nxg3 15. fxg3 Bxa6 16. Qxa6 c6 17. Qe2 h5 18. e4 dxe4 19. Nxe4 Kf8 20. Qe3 Rg8 21. Rf2 Nf6 22. Nxf6 Bxf6 23. Kh1 g4 24. Ne5 Bxe5 25. dxe5 Qg5 26. Rf4 Re8 27. Rcf1 Rg7 28. e6 Rxe6 29. Qxe6 1-0

[Event "Llinars del Valles op-B 5th"]
[Site "Llinars del Valles"]
[Date "2011.06.04"]
[Round "7"]
[White "Fernandez Gonzalez, Luis"]
[Black "Serra Canals, Oriol"]
[Result "0-1"]
[WhiteElo "1686"]
[BlackElo "1606"]
[PlyCount "78"]
[EventDate "2011.04.30"]
[EventType "swiss"]
[EventRounds "7"]
[EventCountry "ESP"]
[SourceTitle "EXT 2012"]
[Source "ChessBase"]
[SourceDate "2011.11.24"]
[SourceVersion "1"]
[SourceVersionDate "2011.11.24"]
[SourceQuality "1"]

1. d4 d5 2. c4 e6 3. Nc3 Nf6 4. Bg5 Nbd7 5. cxd5 exd5 6. Nxd5 Nxd5 7. Bxd8 Bb4+ 8. Qd2 Bxd2+ 9. Kxd2 Kxd8 10. e3 N7f6 11. Bd3 Re8 12. Nf3 Ne4+ 13. Ke2 Bg4 14. a3 Ng5 15. h3 Bxf3+ 16. gxf3 Nf4+ 17. Kd2 Nxf3+ 18. Kc2 Nxd3 19. Kxd3 Ng5 20. h4 Ne6 21. Rac1 c6 22. Rhg1 g6 23. Rc3 f5 24. f4 Nc7 25. Kd2 Nd5 26. Rd3 Kc7 27. h5 Re6 28. h6 Rae8 29. Rg3 a5 30. b3 b5 31. a4 bxa4 32. bxa4 Rb8 33. Kc1 Rb4 34. Ra3 Nb6 35. Kc2 Rxa4 36. Rb3 Ra2+ 37. Kd3 a4 38. Rc3 Nd5 39. Rc2 Nb4+ 0-1

[Event "Llinars del Valles op-B 5th"]
[Site "Llinars del Valles"]
[Date "2011.05.21"]
[Round "4"]
[White "Ibanez Hidalgo, Alberto"]
[Black "Fernandez Gonzalez, Luis"]
[Result "1-0"]
[WhiteElo "1819"]
[BlackElo "1686"]
[PlyCount "75"]
[EventDate "2011.04.30"]
[EventType "swiss"]
[EventRounds "7"]
[EventCountry "ESP"]
[SourceTitle "EXT 2012"]
[Source "ChessBase"]
[SourceDate "2011.11.24"]
[SourceVersion "1"]
[SourceVersionDate "2011.11.24"]
[SourceQuality "1"]

1. d4 e6 2. c4 Nf6 3. g3 Bb4+ 4. Bd2 Bxd2+ 5. Nxd2 d5 6. Bg2 0-0 7. Ngf3 c6 8. 0-0 Re8 9. Qc2 Nbd7 10. Rfd1 Nf8 11. e4 dxe4 12. Nxe4 Nxe4 13. Qxe4 Ng6 14. h4 h5 15. Qe2 Qc7 16. Ne5 Nxe5 17. dxe5 g6 18. Rd6 Re7 19. g4 f5 20. gxh5 gxh5 21. Qxh5 Bd7 22. Rad1 Rh7 23. Qxh7+ Kxh7 24. Rxd7+ Qxd7 25. Rxd7+ Kh6 26. Rxb7 Kh5 27. Bxc6 Rg8+ 28. Kf1 Kxh4 29. Rxa7 Kg4 30. Ra3 f4 31. Rd3 Kf5 32. a4 Rc8 33. Bb5 Kxe5 34. a5 Ke4 35. Ke2 Rf8 36. a6 f3+ 37. Kd2 Rb8 38. a7 1-0

[Event "Llinars del Valles op-B 5th"]
[Site "Llinars del Valles"]
[Date "2011.05.14"]
[Round "3"]
[White "Fernandez Gonzalez, Luis"]
[Black "Corominas Garrido, Jordi"]
[Result "1/2-1/2"]
[WhiteElo "1686"]
[BlackElo "1893"]
[PlyCount "172"]
[EventDate "2011.04.30"]
[EventType "swiss"]
[EventRounds "7"]
[EventCountry "ESP"]
[SourceTitle "EXT 2012"]
[Source "ChessBase"]
[SourceDate "2011.11.24"]
[SourceVersion "1"]
[SourceVersionDate "2011.11.24"]
[SourceQuality "1"]

1. e4 e6 2. d4 d5 3. Nc3 Nf6 4. exd5 exd5 5. Nf3 Bg4 6. h3 Bh5 7. Be2 Be7 8. 0-0 0-0 9. Be3 Nbd7 10. Nd2 Bxe2 11. Nxe2 c6 12. Nb3 Ne4 13. Nd2 f5 14. f3 Bg5 15. Bxg5 Nxg5 16. f4 Ne4 17. Nxe4 fxe4 18. c4 Nf6 19. cxd5 cxd5 20. Rc1 Qb6 21. Qd2 Rac8 22. Rxc8 Rxc8 23. Rc1 Rc6 24. Rxc6 bxc6 25. f5 c5 26. a3 cxd4 27. Nxd4 Qc5 28. Kh1 h6 29. Qe3 Nd7 30. b4 Qb6 31. Qc3 Qf6 32. Qe3 Nb6 33. Nc2 Qxf5 34. Nd4 Qf1+ 35. Kh2 Qd3 36. Qf2 e3 37. Qh4 Qe4 38. Qxe4 dxe4 39. Kg1 Kf7 40. Kf1 Kf6 41. b5 Ke5 42. Nc6+ Kd5 43. Ke2 Nc4 44. Nxa7 Kc5 45. a4 Kb6 46. Nc8+ Kc7 47. Ne7 Nb2 48. a5 Nc4 49. Nd5+ Kd6 50. Nxe3 Nxa5 51. Nf5+ Kc5 52. Nxg7 Kxb5 53. Ke3 Kc5 54. Kxe4 Nc4 55. h4 Nd6+ 56. Kf4 Kd5 57. Nf5 Nf7 58. g4 Ke6 59. Ng7+ Kf6 60. Nf5 Ke6 61. Ng3 Kf6 62. Ne4+ Ke6 63. h5 Ke7 64. Kf5 Nh8 65. Nf6 Kf7 66. Ke5 Kg7 67. Ke6 Kf8 68. Nd5 Kg7 69. Ke7 Nf7 70. Ne3 Ne5 71. Ke6 Nf3 72. Nf5+ Kh7 73. Kf6 Ng5 74. Nd4 Ne4+ 75. Kf5 Nd6+ 76. Ke6 Ne4 77. Nf3 Kg7 78. Ke5 Nf6 79. Kf5 Ng8 80. Nd2 Nf6 81. Ne4 Nd5 82. g5 hxg5 83. Kxg5 Kh7 84. h6 Ne7 85. Nf6+ Kh8 86. h7 Kg7 1/2-1/2